Nová rozprávka plná vtipu a zábavy

Bibliographic Details
Format: Article
Language:Slovak
PhysicalDescription:Fotogr.
Subjects:

MARC

LEADER 00000nab a2200000 a 4500
001 vtls010683074
003 SK-MaSNL
005 20260303193921.0
008 150601c2015 xo er| 0 0slo
038 |a RVGKPD 
040 |a RVGKPD  |b slo  |c RVGKPD  |e AACR2 
041 |a slo 
044 |a xo  |c SK 
080 |a 792  |2 2008 
245 0 0 |a Nová rozprávka plná vtipu a zábavy  |c [autor] (rp) 
300 |b Fotogr. 
610 2 7 |a Divadlo Actores Rožňava  |2 rvgkpd  |9 58587 
650 0 7 |a rozprávkové hry  |2 rvgkpd  |9 1098949 
650 0 7 |a premiéry  |2 rvgkpd  |9 878015 
651 7 |a Rožňava (Slovensko)  |2 rvgkpd  |9 17394 
773 0 |t Naše novinky : Rožňava  |g Roč. II, č. 1 (2015), s. 5 
852 |a RVGKPD  |b KIS3G 
992 |a RBX 
999 |c 2154721  |d 2156651